Dictator to Country - Statistics

General Stats
  • This quiz has been taken 194 times
    191 since last reset
  • The average score is 13 of 18
Answer Stats
Dictator Country % Correct
Kim Il-Sung North Korea
98%
Saddam Hussein Iraq
94%
Josef Stalin Soviet Union
94%
Francisco Franco Spain
94%
Pol Pot Cambodia
91%
Augusto Pinochet Chile
87%
Hafez al-Assad Syria
83%
Idi Amin Uganda
82%
Nicolae Ceauşescu Romania
81%
Robert Mugabe Zimbabwe
79%
Suharto Indonesia
71%
François "Papa Doc" Duvalier Haiti
66%
Fulgencio Batista Cuba
60%
Mobutu Sese Seko Democratic Republic of the Congo
60%
Antonio de Oliveira Salazar Portugal
52%
Raphael Trujillo Dominican Republic
45%
Islam Karimov Uzbekistan
42%
Omar al-Bashir Sudan
40%
No matching quizzes found
Score Distribution
Percent of People with Each Score
Percentile by Number Answered
Your Score History
You have not taken this quiz since the last reset